[Event "45th Olympiad 2024"]
[Site "Budapest HUN"]
[Date "2024.09.15"]
[Round "5.76"]
[Board "1"]
[White "Salim Mohammed, Salim Al Amri"]
[Black "Thabang, Mphane"]
[Result "1-0"]
[WhiteElo "1926"]
[BlackElo "1799"]
[PlyCount "123"]
[EventDate "2024.09.11"]
[WhiteTeam "Oman"]
[BlackTeam "Lesotho"]
[WhiteTeamCountry "OMN"]
[BlackTeamCountry "LES"]

1. e4 Nf6 2. e5 Nd5 3. d4 d6 4. Nf3 Nc6 5. Be2 Bf5 6. O-O dxe5 7. Nxe5 Nxe5 8. dxe5 Nb4 9. Na3 e6 $146 ({RR} 9... g6 10. Bd2 Nc6 11. Bb5 Bd7 12. Bc3 e6 13. Qe2 a6 14. Bxc6 Bxc6 15. Rad1 Bd5 16. Nc4 Bg7 17. Bb4 Qc8 18. Rfe1 b5 19. Ne3 c6 20. c4 bxc4 21. Nxc4 Bxc4 22. Qxc4 Bf8 23. Bd6 Qb7 24. Qc5 {1-0 Prieto Hernandez,J-Tovar,J Valladolid CC Reloj Justina 05th 1976 (2)}) ({RR} 9... Qxd1 10. Bxd1 e6 11. Nb5 O-O-O 12. Be3 a6 13. Nd4 Bg6 14. a3 Nd5 15. Bg5 Be7 16. Bxe7 Nxe7 17. c3 Rd5 18. f4 c5 19. Nb3 Bd3 20. Bf3 Bxf1 21. Bxd5 Nxd5 22. Rxf1 b6 23. Nd2 Rd8 24. Nc4 {1-0 Rolletschek,H (2360)-Wuppinger,M (2235) Werfen op-A 1995 (6)}) 10. Bd2 Nc6 11. Bb5 Bxa3 12. Bxc6+ bxc6 13. bxa3 Qd5 14. Bb4 a5 15. Bc3 Qxd1 16. Rfxd1 Bxc2 17. Rd4 O-O 18. Rc1 Rfb8 19. h4 Rb1 20. Rxb1 Bxb1 21. Bxa5 Bxa2 22. Bxc7 f6 23. h5 Bd5 24. Bd6 fxe5 25. Bxe5 Rxa3 26. h6 gxh6 27. Rg4+ Kf7 28. Rg7+ Ke8 29. Rxh7 c5 30. Rxh6 c4 31. Rh7 Be4 32. Rc7 Bd3 33. Bf6 Ra5 34. Re7+ Kf8 35. Rxe6 Kf7 36. Rc6 Rb5 37. f3 Kg6 38. Kf2 Rb1 39. g4 Rf1+ 40. Ke3 Re1+ 41. Kf4 Kf7 42. Kg5 Re6 43. Rc7+ Ke8 44. f4 Rd6 45. Be5 Rd7 46. Rc5 Kf7 47. f5 Be2 48. Kf4 Rd1 49. Rc7+ Ke8 50. Rg7 Rf1+ 51. Ke4 Bd3+ 52. Kd5 Bxf5 53. gxf5 Rxf5 54. Ke6 Rf3 55. Re7+ Kf8 56. Rh7 Ke8 57. Rc7 Rd3 58. Rc8+ Rd8 59. Rxc4 Rd1 60. Rb4 Rd3 61. Bd4 Kd8 62. Rc4 1-0

[Event "45th Olympiad 2024"]
[Site "Budapest HUN"]
[Date "2024.09.15"]
[Round "5.76"]
[Board "2"]
[White "Tsephe, Lebajoa"]
[Black "Al Maashani, Abdullah"]
[Result "1/2-1/2"]
[WhiteElo "1900"]
[BlackElo "1893"]
[PlyCount "96"]
[EventDate "2024.09.11"]
[WhiteTeam "Lesotho"]
[BlackTeam "Oman"]
[WhiteTeamCountry "LES"]
[BlackTeamCountry "OMN"]

1. Nf3 d5 2. d4 Nf6 3. g3 Bg4 4. Bg2 e6 5. c4 c6 6. Qc2 $146 ({RR} 6. Qb3 Qb6 7. Ne5 Qxb3 8. axb3 Bf5 9. Nc3 Nbd7 10. Bf4 Nxe5 11. Bxe5 Nd7 12. Bf4 a6 13. e4 dxe4 14. Nxe4 Be7 15. Nd6+ Bxd6 16. Bxd6 Nf6 17. f3 Rd8 18. Be5 h5 19. Kf2 Ke7 20. h3 Rhg8 {1-0 Backes,J (1739)-Maj,K (1441) Solingen Karneval op 2012 (4)}) ({RR} 6. Nbd2 Nbd7 7. h3 Bf5 8. Nh4 Be4 9. Nxe4 dxe4 10. O-O h6 11. Bh1 Qa5 12. Qc2 g5 13. Bd2 Qb6 14. Ng2 Qxd4 15. Rad1 Qb6 16. Bc3 Rg8 17. Ne3 Bb4 18. Bd4 Bc5 19. Bxc5 Qxc5 20. Bxe4 a5 {½-½ Wang,H (2732)-Ni,H (2681) CHN-chT China 2016 (14.4)}) ({RR} 6. h3 Bf5 7. Nc3 Nbd7 8. Qb3 Qb6 9. c5 Qa6 10. Bf1 b5 11. a4 Rb8 12. Bf4 Rb7 13. a5 h6 14. e3 g5 15. Be5 Be7 16. Be2 O-O 17. O-O Nxe5 18. Nxe5 Nd7 19. Nxd7 Rxd7 20. Kh2 Bg6 {0-1 Mazzilli,P (2303)-Najer,E (2663) Titled Tue 11th Jun Late 2024 (6)}) ({RR} 6. Nc3 Nbd7 7. cxd5 exd5 8. O-O Be7 9. h3 Bxf3 10. Bxf3 O-O 11. Bf4 Re8 12. Qc2 Nf8 13. Rad1 N6d7 14. e4 Nb6 15. exd5 cxd5 16. Qb3 Ne6 17. Be5 Bf6 18. Nxd5 Bxe5 19. dxe5 Qg5 20. Nxb6 axb6 {½-½ Fernandez Ponce,L (2041)-Crespo Arce,M Gijon Gallego Memorial 2nd 2002 (2)}) 6... Bd6 7. O-O O-O 8. Bg5 h6 9. Bxf6 Qxf6 10. Nbd2 Bxf3 11. Nxf3 Na6 12. c5 Bc7 13. b4 e5 14. dxe5 Bxe5 15. Rab1 Nc7 16. a4 a6 17. Rb3 Rfe8 18. Rd1 Re7 19. Nh4 g6 20. Qc1 Qg7 21. Nf3 Bf6 22. e3 Ne6 23. Bh3 Ng5 24. Bg2 Ne4 25. Nd4 Rae8 26. b5 axb5 27. axb5 Bxd4 28. Rxd4 Qf6 29. Qc2 Ra8 30. Bxe4 dxe4 31. Rxe4 Rxe4 32. Qxe4 Ra2 33. f4 cxb5 34. Qe5 Qc6 35. e4 Rc2 36. Rd3 Qxc5+ 37. Qxc5 Rxc5 38. Rd7 b6 39. Rd6 Kf8 40. Rxb6 Ke7 41. Rb7+ Ke6 42. Kf2 Rc2+ 43. Ke3 Rb2 44. Kd4 Rb4+ 45. Kd3 Rb2 46. Kd4 Rb4+ 47. Kd3 Rb2 48. Kd4 Rb4+ 1/2-1/2

[Event "45th Olympiad 2024"]
[Site "Budapest HUN"]
[Date "2024.09.15"]
[Round "5.77"]
[Board "1"]
[White "Pereira, Sergio"]
[Black "Kamara, Ansumana"]
[Result "1-0"]
[WhiteElo "1988"]
[BlackElo "1876"]
[PlyCount "83"]
[EventDate "2024.09.11"]
[WhiteTeam "Sao Tome and Principe"]
[BlackTeam "Sierra Leone"]
[WhiteTeamCountry "SAO"]
[BlackTeamCountry "SIE"]

1. e4 {Grivas,Efstratios Primel,Dominique} c5 2. Nc3 e5 3. Bc4 Nc6 4. Nf3 Be7 5. d3 Nf6 ({RR} 5... d6) 6. Nd2 ({RR} 6. O-O d6 7. Ng5 O-O 8. f4) 6... d6 7. Nf1 ({RR} 7. h3 Be6 8. Nf1 d5 9. exd5 Nxd5 10. Nxd5 Bxd5 11. Ne3 Bxc4 12. Nxc4 O-O 13. a4 Qd5 14. O-O Rad8 15. Qe1 Nd4 16. Ne3 Qe6 17. Bd2 Bg5 18. Rc1 e4 19. dxe4 Qxe4 20. f3 Qe5 21. Qf2 Ne2+) 7... Bg4 8. f3 Bd7 ({RR} 8... Be6) ({RR} 8... Be6 9. Ne3 Qd7 ({RR} 9... O-O 10. O-O Rb8 ({RR} 10... Nh5 11. Ncd5 Bg5 12. g3 Bxe3+ 13. Bxe3 Ne7 14. Bg5 Bxd5 15. Bxd5 h6) 11. a3 Nd4 ({RR} 11... Nd7 12. Ncd5 Bg5 13. c3 b5 14. Ba2 Nb6 15. Nxb6 Rxb6 16. b4 a5) 12. Ba2 b5 13. Ncd5 Nxd5 14. Bxd5 Bg5 15. Bxe6 Nxe6) 10. Ncd5 ({RR} 10. O-O O-O 11. Ncd5 ({RR} 11. a3 a6 ({RR} 11... Nd4) 12. Ncd5 Bxd5 13. Nxd5 Nxd5 14. Bxd5 Bf6 ({RR} 14... Kh8 15. f4 exf4 16. Bxf4 Ne5 17. c3) 15. c3 Ne7 16. Bb3 d5) 11... Ne8 12. f4 exf4 13. Nxe7+ Nxe7 14. Rxf4 Ng6 15. Rf2 Nc7 16. Qh5 Bxc4 17. Nxc4 d5 18. exd5 Nxd5 19. Bd2 Rae8) 10... Bd8 ({RR} 10... Bxd5 11. Nxd5 ({RR} 11. exd5 Na5) 11... Nxd5 12. Bxd5 Bf6) 11. O-O Bxd5 12. Nxd5 Nxd5 13. Bxd5 Ne7 14. Bb3 O-O 15. f4 exf4 16. Bxf4 d5 17. Qe2 ({RR} 17. Bg3 Bb6 18. Kh1) 17... Bb6 18. Kh1 Rae8 19. exd5 ({RR} 19. Qf3 dxe4 20. dxe4) 19... Nxd5 20. Qh5 Nxf4 21. Rxf4 g6 22. Qh6 Bd8 23. Raf1 {0-1 Movsesian,S (2700)-Polgar,J (2699) FIDE World Cup 2011 (2.2)} ({RR} 23. Rf3 Qd4 ({RR} 23... Kh8 24. Ba4) 24. Raf1 Re7 25. c3 Qe5 26. a4)) ({RR} 8... Be6 9. Ne3 O-O 10. g4 Nb4 11. a3 d5 12. axb4 dxc4 13. dxc4 cxb4 14. Qxd8 Rfxd8 15. Ncd5 Nxd5 16. cxd5 Bd7 17. Bd2 Bb5 18. c4 bxc3 19. Bxc3 f6 20. Kd2 Kf7 21. h4 Bd7 22. g5 Rdc8 23. gxf6 {1-0 Grigoryan,K (2629)-Trost,E (2434) Kragero Resort Chess 2024 (2.2)}) 9. Ne3 a6 $146 ({RR} 9... Nd4 10. a3 ({RR} 10. a4 Nh5 11. O-O Nf4 12. Ned5 Bg5 13. Nxf4 Bxf4 14. Bxf4 exf4 15. Nd5 Ne6 16. Qd2 Qh4 17. c3 O-O 18. b3 Rad8 19. Qf2 Qg5 20. g4 fxg3 21. hxg3 Rfe8 22. f4 Qh5 23. Kg2 Nf8 24. Rh1 Qg6) ({RR} 10. Ncd5 b5 11. Nxf6+ Bxf6 12. Bd5 Rb8 13. c3) 10... b5 11. Ba2 a5 12. Ncd5 Ra7 ({RR} 12... O-O) 13. O-O O-O 14. c3 Nxd5 15. Nxd5 Ne6 16. f4 exf4 17. Bxf4 Bc6 ({RR} 17... Nxf4) 18. Bg3 b4 19. Kh1 ({RR} 19. Qg4 bxc3 20. bxc3 Rb7 21. Nxe7+ Qxe7 ({RR} 21... Rxe7 22. Bh4) 22. Rxf7) 19... bxa3 20. bxa3 Bh4 21. Qe1 Bxg3 22. Qxg3 Bxd5 23. Bxd5 Nc7 24. Bc4 {1-0 Roser,K (2436)-Tetchi,F (2036) Syre Memorial op 32nd 2009 (2)}) ({RR} 9... O-O 10. a3 Nd4 11. Ba2 Rc8 12. O-O Be6 13. Bd2 Qd7 14. Ncd5) ({RR} 9... Nd4 10. a4 a6 11. Ned5 Nxd5 12. Bxd5 Rb8 13. O-O O-O 14. f4 Bf6 15. f5 Bg5 16. Qh5 Bxc1 17. Raxc1 Qf6 18. Rf2 b5 19. axb5 axb5 20. Nd1 b4 21. Ne3 Qh6 22. Qxh6 gxh6 23. Nc4 Nb5 24. Rf3 {1-0 Zakrzewski,M (2333)-Zurawski,K (1690) Poznan op 26th 2018 (1)}) 10. Bd5 O-O 11. O-O Rb8 12. f4 exf4 13. Rxf4 Nxd5 14. Ncxd5 Bg5 15. Rf2 Be6 16. Nf4 b5 17. g3 a5 18. Bd2 a4 19. Nxe6 fxe6 20. Rxf8+ Qxf8 21. Qg4 Qf6 22. h4 Bxe3+ 23. Bxe3 Ne5 24. Qf4 Nf3+ 25. Kg2 Qxb2 26. Qxd6 Rf8 27. Qxe6+ Kh8 28. Rc1 Qc3 29. Qe7 Kg8 30. Qxc5 Qf6 31. Qh5 g6 32. Qd5+ Rf7 33. Bh6 Nd4 34. Qa8+ Rf8 35. Bxf8 Qf3+ 36. Kh3 Kf7 37. Qd5+ Ne6 38. Bh6 Ke7 39. Qxb5 Kf7 40. Qd7+ Kf6 41. e5+ Kxe5 42. Re1+ 1-0

[Event "45th Olympiad 2024"]
[Site "Budapest HUN"]
[Date "2024.09.15"]
[Round "5.77"]
[Board "2"]
[White "Winston Gerald, Mansfield Thomas"]
[Black "Espirito Santo, Waldyr"]
[Result "1/2-1/2"]
[WhiteElo "1950"]
[BlackElo "1926"]
[PlyCount "122"]
[EventDate "2024.09.11"]
[WhiteTeam "Sierra Leone"]
[BlackTeam "Sao Tome and Principe"]
[WhiteTeamCountry "SIE"]
[BlackTeamCountry "SAO"]

1. e4 e6 2. d4 d5 3. exd5 exd5 4. Bd3 Bd6 5. Nf3 Nc6 6. c3 Nge7 7. Qc2 Bg4 8. Nbd2 Qd7 9. h3 Bf5 10. a3 $146 ({RR} 10. Nf1 Bxd3 11. Qxd3 Qf5 12. Qxf5 Nxf5 13. Bd2 h5 14. h4 Kd7 15. O-O-O Rae8 16. Ne1 Nce7 17. g3 a5 18. a4 b6 19. Ng2 Ng6 20. Nfe3 Nxe3 21. Nxe3 c6 22. Nf5 Ne7 23. Ne3 Ng8 24. Nf5 Ne7 {½-½ Vidit,S (2720)-Grischuk,A (2708) CrunchLab Masters Div 2 W 2024 (5.4)}) ({RR} 10. Nf1 O-O-O 11. Ne3 Bxd3 12. Qxd3 Rde8 13. O-O f5 14. a4 h6 15. b4 g5 16. a5 g4 17. hxg4 f4 18. Nc2 Qxg4 19. b5 Rhg8 20. Nce1 Nb8 21. Bd2 Nf5 22. Nh2 Qh5 23. Qf3 Qxf3 24. Nexf3 Rg7 {0-1 Toth,P-Ponyi,A Salgotarjan 1979}) 10... Bxd3 11. Qxd3 Ng6 12. Nf1 Nce7 13. g3 f6 14. Ne3 c6 15. Bd2 O-O-O 16. O-O-O Kb8 17. Kb1 Qc7 18. b4 Nf8 19. c4 dxc4 20. Nxc4 Nd5 21. Rhe1 Ng6 22. h4 Rhe8 23. h5 Nf8 24. Nh4 Rxe1 25. Rxe1 Qf7 26. Nxd6 Rxd6 27. Qf5 g6 28. hxg6 hxg6 29. Qd3 Rd8 30. Bh6 g5 31. Nf5 Ne6 32. Kb2 Qd7 33. Qe4 Re8 34. Qf3 Rh8 35. Qe4 Nec7 36. Qf3 Re8 37. Re4 Nb6 38. Ne3 Ncd5 39. Nxd5 Nxd5 40. Rxe8+ Qxe8 41. Qf5 Qe2+ 42. Qc2 Qe8 43. Qc5 Qe2+ 44. Qc2 Qxc2+ 45. Kxc2 Kc8 46. Kd3 Kd7 47. Bf8 Ke6 48. a4 b5 49. axb5 cxb5 50. g4 a6 51. Ke4 Nc3+ 52. Kd3 Nd1 53. Ke2 Nb2 54. Ke3 Nc4+ 55. Ke4 Nb6 56. Bc5 Nd5 57. Bf8 Nf4 58. Bc5 Nd5 59. f3 Nc3+ 60. Kd3 Nd5 61. Ke4 Nc3+ 1/2-1/2

[Event "45th Olympiad 2024"]
[Site "Budapest HUN"]
[Date "2024.09.15"]
[Round "5.78"]
[Board "4"]
[White "Henry Marwa Michael"]
[Black "Shaker, Musab"]
[Result "0-1"]
[WhiteElo "1715"]
[BlackElo "1757"]
[PlyCount "72"]
[EventDate "2024.09.11"]
[WhiteTeam "Tanzania"]
[BlackTeam "Bahrain"]
[WhiteTeamCountry "TAN"]
[BlackTeamCountry "BHN"]

1. Nf3 d5 2. d4 Nf6 3. c4 e6 4. e3 c6 5. Nc3 Bd6 6. Bd3 Nbd7 7. e4 dxc4 8. Bxc4 b5 9. Bd3 e5 10. dxe5 Nxe5 11. Nxe5 Bxe5 12. h3 a6 $146 ({RR} 12... O-O 13. O-O Re8 14. Be3 Bb7 15. Qc2 Nh5 16. f4 Bd4 17. Bxd4 Qxd4+ 18. Kh2 Qf6 19. Ne2 g6 20. e5 Qe7 21. g4 Ng7 22. Ng3 Ne6 23. Qf2 Red8 24. Rad1 c5 25. Be4 Rd4 26. Bxb7 Qxb7 27. Rxd4 {0-1 Blokhin,S (2036)-Van Foreest,M (2224) Olympiad Women 2024 (3.17)}) 13. O-O O-O 14. Qe2 Bb7 15. Be3 Qe7 16. Rac1 c5 17. f3 c4 18. Bb1 Nh5 19. Qc2 Qh4 20. Ne2 g5 21. Bf2 Bg3 22. Nxg3 Nxg3 23. e5 f5 24. exf6 Rf7 25. Rfe1 Qf4 26. Re7 Rxe7 27. fxe7 Qxc1+ 28. Qxc1 Ne2+ 29. Kf1 Nxc1 30. Be3 Nd3 31. Bxd3 cxd3 32. Bxg5 Bd5 33. f4 Kf7 34. f5 Rc8 35. f6 Rc2 36. Be3 Bxg2+ 0-1

[Event "45th Olympiad 2024"]
[Site "Budapest HUN"]
[Date "2024.09.15"]
[Round "5.79"]
[Board "2"]
[White "Tan, Santiago Jr"]
[Black "Gabriel, Sixtus"]
[Result "0-1"]
[WhiteElo "1903"]
[BlackElo "1800"]
[PlyCount "94"]
[EventDate "2024.09.11"]
[WhiteTeam "Palau"]
[BlackTeam "Saint Lucia"]
[WhiteTeamCountry "PAL"]

1. d4 d5 2. c4 c6 3. Nc3 Nf6 4. Bf4 dxc4 5. e4 e6 ({RR} 5... b5 6. e5 Nd5 7. Bd2 Bf5 8. g4 Bg6 9. Bg2 e6 10. h4 Nb4 11. Bg5 Be7 12. Bxe7 Qxe7 13. Kf1 Nc2 14. Rc1 Bd3+ 15. Nge2 Nxd4 16. Kg1 Nxe2+ 17. Nxe2 O-O 18. Nf4 Rd8 19. Nxd3 Rxd3 20. Qe2 {0-1 Karttunen,M (2485)-Jobava,B (2582) Titled Tuesday intern op 26th Oct blitz 2021 (2)}) ({RR} 5... b5 6. e5 Nd5 7. Bd2 Bf5 8. Nf3 Nb4 9. Rc1 e6 10. Be2 Nd3+ 11. Bxd3 Bxd3 12. a4 a6 13. axb5 cxb5 14. Ra1 Nc6 15. Ne2 Be7 16. O-O Bxe2 17. Qxe2 Nxd4 18. Nxd4 Qxd4 19. Be3 Qxe5 20. f4 {0-1 Nguyen,D (2080)-Bui,T (2190) VIE-chT Hanoi 2022 (9.5)}) 6. Bxc4 Qb6 $146 ({RR} 6... Bb4 7. Qd3 Nbd7 8. Nge2 b5 9. Bb3 Nc5 10. Qf3 Ncxe4 11. O-O Bxc3 12. Nxc3 Nxc3 13. Qxc6+ Qd7 14. Qxc3 Nd5 15. Bxd5 Qxd5 16. Qc5 Bb7 17. Qxd5 Bxd5 18. a3 Bc4 19. Rfc1 O-O 20. Bd6 Rfd8 21. Bc5 {½-½ Ribeiro,I-Barbosa,F POR-ch U16 Aveiro 2003 (5)}) ({RR} 6... Bb4 7. Qd3 Nbd7 8. Rd1 b5 9. Bb3 a6 10. Nge2 Bb7 11. O-O Nh5 12. Bg3 Nxg3 13. fxg3 O-O 14. Bc2 g6 15. a3 Be7 16. b4 Bg5 17. e5 f5 18. exf6 Nxf6 19. Nf4 Bxf4 20. Rxf4 Qe7 21. Re1 {1-0 Christophersen,D (1809)-Jorgensen,O (1593) Copenhagen Bronshoj op 2014 (2)}) 7. Nge2 Be7 8. O-O O-O 9. Qc2 Nbd7 10. h3 Nh5 11. Be3 Qc7 12. e5 g6 13. Bh6 Re8 14. Qb3 Nb6 15. Ne4 Nd5 16. Rac1 Bf8 17. Bxf8 Rxf8 18. Bxd5 exd5 19. Nd2 Qe7 20. Qe3 f6 21. f4 Bd7 22. Rf3 Rae8 23. Rcf1 Qb4 24. Qc3 Qb6 25. Kh2 Ng7 26. b4 Qa6 27. Nc1 Bf5 28. Re1 h5 29. Rfe3 fxe5 30. Rxe5 Rxe5 31. Rxe5 Ne6 32. Qe3 Kf7 33. Nf3 Ke7 34. Nh4 Rf6 35. Nxf5+ gxf5 36. Ne2 h4 37. Ng1 Qf1 38. Nf3 Kd6 39. b5 Rg6 40. Nxh4 Nxf4 41. Qf3 Rxg2+ 42. Qxg2 Nxg2 43. Nxg2 f4 44. Rg5 f3 45. Nf4 Qf2+ 46. Kh1 Qe1+ 47. Kh2 Qd2+ 0-1

[Event "45th Olympiad 2024"]
[Site "Budapest HUN"]
[Date "2024.09.15"]
[Round "5.79"]
[Board "4"]
[White "Mahor Jr, Manuel"]
[Black "Daniel, Cyrus"]
[Result "1/2-1/2"]
[WhiteElo "1759"]
[BlackElo "1759"]
[PlyCount "76"]
[EventDate "2024.09.11"]
[WhiteTeam "Palau"]
[BlackTeam "Saint Lucia"]
[WhiteTeamCountry "PAL"]

1. d4 d5 2. Nf3 Nf6 3. Bf4 c5 4. e3 Nc6 5. c3 Qb6 6. Qc1 Bf5 7. Nbd2 e6 8. Nh4 ({RR} 8. Be2 Be7 9. a3 O-O 10. O-O Rac8 11. dxc5 Bxc5 12. b4 Be7 13. c4 Nh5 14. Bg5 Bxg5 15. Nxg5 Nf6 16. Qb2 Rfd8 17. c5 Qc7 18. Ngf3 a6 19. Nd4 Bg4 20. f3 Bh5 21. N2b3 Ne7 22. f4 Bxe2 {0-1 Kamsky,G (2671)-Gulko,B (2585) New York Mayor's Cup rapid 2006 (2)}) 8... cxd4 $146 ({RR} 8... Rc8 9. Nxf5 exf5 10. dxc5 Bxc5 11. Nb3 Be7 12. h3 O-O 13. Be2 a5 14. O-O a4 15. Nd2 Ne4 16. Nxe4 dxe4 17. Rd1 Rfd8 18. Rxd8+ Rxd8 19. Qc2 a3 20. b4 Bf6 21. Rb1 Ne5 22. c4 Nd3 23. Bxd3 {1-0 Alvarez Fernandez,E (2211)-Muniz Rubiera,J (1954) Asturias-chT Preferente 0304 2003 (5)}) ({RR} 8... Nh5 9. Nxf5 Nxf4 10. Ng3 Ng6 11. Bd3 Bd6 12. Nf3 O-O 13. O-O Rfe8 14. Bxg6 hxg6 15. Rb1 e5 16. dxe5 Nxe5 17. Qd1 Qc6 18. Nxe5 Bxe5 19. Qf3 Rad8 20. Rfd1 Rd6 21. Rd2 Qa6 22. a3 Red8 23. Rbd1 {0-1 Li,X-Tian,Y (1449) Chinese Youth G14 2024 (5.17)}) ({RR} 8... Bg6 9. Nxg6 hxg6 10. Bd3 Rc8 11. Nf3 Na5 12. Ne5 cxd4 13. exd4 Nc6 14. Qb1 Nxe5 15. Bxe5 Bd6 16. f4 Bxe5 17. fxe5 Ng4 18. h3 Ne3 19. Kf2 Nc4 20. Bxc4 Rxc4 21. Re1 Qc6 22. Qd3 O-O 23. Re3 {½-½ Blazsik,Z (2034)-Baranyi,E (2113) HUN-chT2 Toth 0809 2008 (1.5)}) 9. exd4 Rc8 10. Nxf5 exf5 11. Nb3 Be7 12. Bd3 g6 13. O-O O-O 14. h3 Rfe8 15. Re1 Bf8 16. Bg5 Rxe1+ 17. Qxe1 Re8 18. Qd2 Ne4 19. Bxe4 fxe4 20. Re1 Nd8 21. Bxd8 Qxd8 22. f3 exf3 23. Rxe8 Qxe8 24. gxf3 Qe6 25. Kg2 Qf5 26. Nc5 Bd6 27. Nd3 g5 28. Qe3 Kg7 29. b3 b5 30. b4 h6 31. a3 Kf8 32. h4 Kg7 33. hxg5 hxg5 34. Ne5 Qc2+ 35. Kh3 Qf5+ 36. Kg2 Qc2+ 37. Kh3 Qf5+ 38. Kg2 Qc2+ 1/2-1/2

[Event "45th Olympiad 2024"]
[Site "Budapest HUN"]
[Date "2024.09.15"]
[Round "5.80"]
[Board "2"]
[White "Ferguson, Joseph"]
[Black "Anhwere, Bernard"]
[Result "0-1"]
[WhiteElo "1797"]
[BlackElo "1893"]
[PlyCount "82"]
[EventDate "2024.09.11"]
[WhiteTeam "Bahamas"]
[BlackTeam "Ghana"]
[WhiteTeamCountry "BAH"]
[BlackTeamCountry "GHA"]

1. b3 Nf6 2. Bb2 g6 3. e3 Bg7 4. f4 O-O 5. Nf3 c5 6. Be2 Nc6 7. O-O d5 8. Bb5 Qb6 9. Bxc6 Qxc6 ({RR} 9... bxc6 10. Ne5 a5 11. Qe1 c4 12. Ba3 cxb3 13. axb3 Qc7 14. Nc3 Nd7 15. Nxd7 Qxd7 16. d4 Qf5 17. Rf2 Bf6 18. Na4 h5 19. Nb6 Rb8 20. Bc5 Bh4 21. g3 Bf6 22. Qxa5 h4 23. Nxc8 Rbxc8 24. Qc3 {1-0 Panko,E (2100)-Kulig,P (2025) LJ Slovakia Open 2024 (8.9)}) 10. d3 b5 11. a4 b4 $146 ({RR} 11... a6 12. Nbd2 Bb7 13. Ne5 Qc7 14. Qe2 Nd7 15. Ndf3 f6 16. Nxd7 Qxd7 17. e4 d4 18. axb5 Qxb5 19. Ra4 Bc6 20. Rfa1 Qb6 21. R4a2 {½-½ Durst,U (2090)-Moschell,H (2204) Mecklenburg VP-ch Seniors 04th 2004 (3)}) 12. Nbd2 a5 13. Qe2 Bg4 14. h3 Bxf3 15. Qxf3 Rac8 16. Bxf6 Bxf6 17. Rad1 Bc3 18. e4 e6 19. Nb1 Bd4+ 20. Kh1 c4 21. dxc4 dxe4 22. Qe2 Rfd8 23. Nd2 f5 24. c5 Qxc5 25. Nc4 Rd5 26. g3 Rcd8 27. Kg2 R8d7 28. Rfe1 Qc7 29. h4 Bc3 30. Rf1 Qd8 31. Rxd5 exd5 32. Ne3 Bd4 33. c4 Bxe3 34. Qxe3 d4 35. Qc1 d3 36. Qd2 Qf6 37. Rc1 Qd4 38. c5 e3 39. Qd1 d2 40. Rc4 Qd5+ 41. Kh2 e2 0-1

[Event "45th Olympiad 2024"]
[Site "Budapest HUN"]
[Date "2024.09.15"]
[Round "5.80"]
[Board "3"]
[White "Fomevor, Cephas Clinton"]
[Black "Pride, Avian"]
[Result "1-0"]
[WhiteElo "1873"]
[BlackElo "1743"]
[PlyCount "61"]
[EventDate "2024.09.11"]
[WhiteTeam "Ghana"]
[BlackTeam "Bahamas"]
[WhiteTeamCountry "GHA"]
[BlackTeamCountry "BAH"]

1. d4 d5 2. c4 c6 3. Nc3 Nf6 4. Nf3 e6 5. cxd5 exd5 6. Bg5 Nbd7 7. e3 Be7 8. Bd3 h6 9. Bh4 O-O 10. O-O Re8 11. Rb1 c5 ({RR} 11... a5 12. a3 Ne4 13. Bxe7 Qxe7 14. Qc2 Ndf6 15. b4 axb4 16. axb4 Ra3 17. Rb3 Rxb3 18. Qxb3 Bg4 19. Bxe4 Nxe4 20. Nxe4 Qxe4 21. Nd2 Qg6 22. Kh1 {0-1 Drygalov,S (2547)-Makarian,R (2525) D.S. Shcherbin Mem Blitz 2024 (13.4)}) 12. dxc5 Nxc5 13. Bc2 $146 ({RR} 13. Bb5 Ncd7 14. Bxf6 Bxf6 15. Nxd5 Rf8 16. Bxd7 Qxd7 17. Nxf6+ gxf6 18. Qxd7 Bxd7 19. Rfd1 Bg4 20. Rd6 Kg7 21. Nd4 Rfd8 22. Rxd8 Rxd8 23. Rc1 Rd7 24. Kf1 Be6 25. a3 a6 26. Ke2 f5 27. Rc5 Kf6 {1-0 Prevedello,D (1860)-Quagliarella,S (1838) Milan SSM op 08 2014 (2)}) 13... Be6 14. Nb5 Bg4 15. h3 Bxf3 16. Qxf3 Nfe4 17. Bxe7 Rxe7 18. Qe2 a6 19. Nd4 Ne6 20. Nf5 Rd7 21. Rfd1 Qa5 22. Bxe4 dxe4 23. Nxh6+ gxh6 24. Rxd7 Qxa2 25. Rbd1 Nc5 26. Qg4+ Kf8 27. Rc7 b6 28. Qf4 Ke8 29. Qf6 Nd7 30. Rcxd7 Qxb2 31. Qe7# 1-0

[Event "45th Olympiad 2024"]
[Site "Budapest HUN"]
[Date "2024.09.15"]
[Round "5.80"]
[Board "4"]
[White "Whyms, Chapell"]
[Black "Frempong-Smart Daniel"]
[Result "0-1"]
[WhiteElo "1701"]
[BlackElo "1863"]
[PlyCount "76"]
[EventDate "2024.09.11"]
[WhiteTeam "Bahamas"]
[BlackTeam "Ghana"]
[WhiteTeamCountry "BAH"]
[BlackTeamCountry "GHA"]

1. d4 d5 2. c4 c6 3. Nf3 Nf6 4. Nc3 a6 5. e3 Bf5 6. Qb3 Ra7 7. cxd5 cxd5 8. Be2 ({RR} 8. Bd2 e6 9. Rc1 Bd6 10. Qa4+ Nc6 11. Ne5 Bxe5 12. dxe5 Nd7 13. f4 O-O 14. Ne2 Nb6 15. Qd1 Nc4 16. Ng3 Bg6 17. b3 Nb2 18. Qg4 a5 19. Bc3 Nd3+ 20. Bxd3 Bxd3 21. Qd1 Bb5 22. a4 Ba6 {0-1 Eljanov,P (2717)-Korobov,A (2700) Wch Rapid Berlin 2015 (5)}) ({RR} 8. Ne5 e6 9. Bd2 Nbd7 10. Nxd7 Nxd7 11. Rc1 Be7 12. Be2 O-O 13. O-O b5 14. a4 b4 15. Na2 a5 16. Bd3 Bxd3 17. Qxd3 Qa8 18. Rc2 Rb8 19. Nc1 Nb6 20. b3 Rc8 21. Ne2 Rac7 22. Rxc7 Rxc7 {0-1 Duda,J (2733)-Le Tuan Minh (2567) Titled Tue 28th May Late 2024 (5)}) 8... e6 9. Ne5 Nfd7 10. Qa4 f6 $146 ({RR} 10... Be7 11. g4 Be4 12. Nxe4 dxe4 13. Bd2 O-O 14. Nxd7 Nxd7 15. Qc2 e5 16. Qxe4 exd4 17. Qxd4 Bc5 18. Qd5 Qe7 19. O-O-O b5 20. Bc3 Re8 21. g5 Nb6 22. Qf5 Na4 23. Bd4 Rc7 24. Kb1 Bxd4 25. Rxd4 {0-1 Tong,T (2182)-Phan,N (2115) Ho Chi Minh City HD Bank op 7th 2017 (8)}) ({RR} 10... Be7 11. g4 Bg6 12. Bb5 axb5 13. Qxa7 Nxe5 14. dxe5 O-O 15. Qxb7 b4 16. Nb5 Nd7 17. Nd4 Nxe5 18. Nc6 Nxc6 19. Qxc6 Qb8 20. Bd2 Bf6 21. Rc1 Bxb2 22. Rc5 Bd3 23. Qa4 Ba3 24. Bc1 Bc4 25. Kd2 {0-1 Moufang,R (2288)-Wiegner,D (2178) Regionalliga SW 1516 2015 (7.1)}) 11. Nd3 Nc6 12. Qd1 b5 13. Bd2 Bd6 14. Rc1 Rc7 15. a3 O-O 16. b4 Nb6 17. Nc5 Bxc5 18. dxc5 Nc8 19. Bg4 d4 20. Bxf5 exf5 21. Qb3+ Kh8 22. Ne2 Re8 23. O-O d3 24. Nf4 Rd7 25. Rc3 Ne5 26. Ne6 Qe7 27. Nd4 f4 28. exf4 Nc4 29. Rxd3 Qe4 30. Be3 Ne7 31. Rdd1 Nd5 32. Qb1 Qxb1 33. Rxb1 Ndxe3 34. fxe3 Nxe3 35. Rfe1 Rxd4 36. Rb3 Rde4 37. Rd3 h6 38. c6 Ng4 0-1